O novo regime de recursos no C.P.C

Detalles Bibliográficos
Autor principal: Leitó, Helder Martins
Formato: Desconocido
Lenguaje:portugués
Publicado: Porto : Elcla, 2008
Acceso en línea:Acceso restringido

MARC

LEADER 00000ny a22000003n 4500
005 20110623165326.0
008 090202s2008 po s 000 0 por d
020 |a 9727491677 
035 |a 2503 
040 |a UMA.RE  |d vlex 
080 |a 347.9(469)(0.034) 
080 |a 347.955(469)(0.034) 
090 |c 1195  |d 1195 
100 1 |a Leitó, Helder Martins 
245 1 2 |a O novo regime de recursos no C.P.C  |h [Recurso electrn̤ico]  |c Helder Martins Leitó 
256 |a Servicio en ln̕ea 
260 |a Porto :  |b Elcla,  |c 2008 
506 1 |a Contenido solo disponible en los productos indicados  |d vLex Global  |d vLex Global (Academic Edition, excluding Law Schools)  |d vLex Global (U.S. Academic Edition, Law Schools)  |d vLex Global (U.S. Academic Edition, excluding Law Schools)  |d vLex Global (Academic Edition, Law Schools) 
740 0 |a vLex Libros (Servicios en ln̕ea) 
856 |z Acceso restringido  |u http://vlex.com/source/novo-regime-recursos-cpc-2503 
942 |c BOOK 
999 0 4 |a Derecho Procesal  |z Portugal  |v En ln̕ea 
999 0 4 |a Recursos (Derecho)  |z Portugal  |v En ln̕ea